Vplyv parametrov navárania mobilným laserovým zariadením na vybrané vlastnosti nástrojových ocelí
Uložené v:
| Hlavný autor: | |
|---|---|
| Ďalší autori: | |
| Médium: | Rukopis Kniha |
| Jazyk: | Slovak |
| Vydavateľské údaje: |
2021
|
| Predmet: | |
| On-line prístup: | http://is.stuba.sk/zp/portal_zp.pl?podrobnosti=157969 |
| Tagy: |
Žiadne tagy, Buďte prvý, kto otaguje tento záznam!
|
MARC
| LEADER | 00000ntm a22000003a 4500 | ||
|---|---|---|---|
| 001 | stuzp84054 | ||
| 003 | SK-STU | ||
| 005 | 20210612212524.5 | ||
| 007 | ta | ||
| 008 | 150427s2015----xo-----f-mn---000-0-slo-d | ||
| 040 | |a STU |b slo | ||
| 041 | 0 | |a slo | |
| 100 | 1 | |a Koník, Matúš |u 063000 |k Z4 |4 aut |U MTF Materiálovotechnologická fakulta |T MTF Ústav výrobných technológií |X 85516 |U M3000 |Y 83 |7 85516 | |
| 242 | 0 | 1 | |a The Effect of weld cladding parameters by mobile laser equipment on selected properties of tool steels. |y eng |
| 245 | 1 | 0 | |a Vplyv parametrov navárania mobilným laserovým zariadením na vybrané vlastnosti nástrojových ocelí |
| 260 | |c 2021 | ||
| 650 | 4 | |a laserové naváranie |2 slo | |
| 650 | 4 | |a mobilné laserové zariadenie |2 slo | |
| 650 | 4 | |a nástrojové ocele |2 slo | |
| 650 | 4 | |a renovácia vstrekovacích foriem |2 slo | |
| 650 | 4 | |a laser weld cladding |2 eng | |
| 650 | 4 | |a mobile laser device |2 eng | |
| 650 | 4 | |a tool steels |2 eng | |
| 650 | 4 | |a injection mold renovation |2 eng | |
| 700 | 1 | |a Kovaříková, Ingrid |u 063100 |k Z2 |4 ths |U MTF Ústav výrobných technológií |T MTF Katedra zvárania a spájania materiálov |X 2770 |U M3100 |Y 162 |7 A000002770 | |
| 856 | 4 | |u http://is.stuba.sk/zp/portal_zp.pl?podrobnosti=157969 | |
| 996 | |c M* DP-14677 |l MMSKP |s P |a 0 |w stuzp84054_0001 | ||